Vocabulaire de la famille en russe - Statistiques

Statistiques générales
  • Ce quiz a été pris 156 fois
  • Le résultat moyen est 14 sur 25
Statistiques - réponses
En russe En français % Correct
Мама Maman
99%
Папа Papa
99%
Сестра Soeur
88%
Брат Frère
87%
Бабушка Grand-mère
81%
Дедушка Grand-père
79%
Сын Fils (de quelqu'un)
66%
Дочь Fille (de quelqu'un)
63%
Дети / Ребёнок Enfant(s)
61%
Тётя Tante
61%
Девочка Fille
59%
Мальчик Garçon
57%
Дядя Oncle
57%
Друг Ami
55%
Муж Epoux / Mari
53%
Жена Epouse / Mariée
52%
Женщина Femme
52%
Мужчина Homme
52%
Родители Parents
49%
Человек / Люди Personne(s)
33%
Внучка Petite-fille
31%
Внук Petit-fils
31%
Девушка Jeune femme / Petite amie
26%
Подруга / Друзья Amis
25%
Парень Jeune homme / Petit ami
25%
Aucun quiz correspondant
Distribution des résultats
% des personnes avec chaque résultat
Percentile par nombre de réponses
Votre historique - résultats
Vous n’avez pas pris ce quiz